| 000 | 00697pam a2200241 i 4500 | ||
|---|---|---|---|
| 001 | 1810037 | ||
| 005 | 20171228033703.0 | ||
| 008 | 790829s1980 enka b 000 0 eng | ||
| 010 | _a 79041019 | ||
| 015 | _aGB80 | ||
| 020 |
_a008024047X : _c£20.00 ($40.00) |
||
| 020 |
_a0080240461 (pbk.) : _c£12.50 ($25.00) |
||
| 040 |
_aDLC _cDLC _dDLC |
||
| 041 | _aeng | ||
| 080 | _a338.06 ROS | ||
| 082 | 0 | 0 | _a338.06 ROS |
| 100 | 1 | _a52 | |
| 101 | _aEKO | ||
| 245 | 1 | 4 |
_aThe economics of production and innovation : _cby Gerhard Rosegger. |
| 504 | _aIncludes bibliographies and indexes. | ||
| 906 |
_a7 _bcbc _corignew _d1 _eocip _f19 _gy-gencatlg |
||
| 942 |
_2ddc _cBK |
||
| 999 |
_c39508 _d39508 |
||